Mastering databases / (Record no. 4408)
[ view plain ]
| 000 -LEADER | |
|---|---|
| fixed length control field | 00687nac a22002051u 4500 |
| 020 ## - INTERNATIONAL STANDARD BOOK NUMBER | |
| International Standard Book Number | 0333640691 (pbk) : |
| 035 ## - SYSTEM CONTROL NUMBER | |
| System control number | 010676394 |
| 082 ## - DEWEY DECIMAL CLASSIFICATION NUMBER | |
| Classification number | 005.74 |
| Item number | G6765 |
| 090 ## - LOCALLY ASSIGNED LC-TYPE CALL NUMBER (OCLC); LOCAL CALL NUMBER (OCLC) | |
| -- | 4408 |
| -- | 4408 |
| 100 ## - MAIN ENTRY--PERSONAL NAME | |
| Personal name | Gosling, Peter |
| 245 ## - TITLE STATEMENT | |
| Title | Mastering databases / |
| Statement of responsibility, etc | Peter Gosling. |
| 260 ## - PUBLICATION, DISTRIBUTION, ETC. (IMPRINT) | |
| Place of publication, distribution, etc | Basingstoke : |
| Name of publisher, distributor, etc | Macmillan, |
| Date of publication, distribution, etc | 1995. |
| 300 ## - PHYSICAL DESCRIPTION | |
| Extent | xi, 265 p. : |
| Other physical details | ill. ; |
| Dimensions | 24 cm. |
| 440 ## - | |
| -- | ( Macmillan master series) |
| 504 ## - BIBLIOGRAPHY, ETC. NOTE | |
| Bibliography, etc | includes index |
| 650 ## - SUBJECT ADDED ENTRY--TOPICAL TERM | |
| Topical term or geographic name as entry element | Electronic spreadsheets |
| 650 ## - SUBJECT ADDED ENTRY--TOPICAL TERM | |
| Topical term or geographic name as entry element | Problems, exercises |
| 942 ## - ADDED ENTRY ELEMENTS (KOHA) | |
| Item type | Book - Borrowing |
| Call number prefix | 005.74 G6765 |
| Withdrawn status | Item status | Damaged status | Not for loan | Home library | Current library | Shelving location | Date acquired | Source of acquisition | Total Checkouts | Full call number | Barcode | Date last seen | Koha item type |
|---|---|---|---|---|---|---|---|---|---|---|---|---|---|
| Central Library | Central Library | Lower Floor | 07/09/2005 | Purchase | 005.74 GOS | 000005327 | 15/07/2025 | Book - Borrowing |